Psycho-analysis as history : negation and freedom in Freud
Αποθηκεύτηκε σε:
| Κύριος συγγραφέας: | |
|---|---|
| Μορφή: | Βιβλίο |
| Γλώσσα: | English |
| Δημοσίευση: |
Ithaca :
Cornell University,
1995
|
| Θέματα: | |
| Ετικέτες: |
Προσθήκη ετικέτας
Δεν υπάρχουν, Καταχωρήστε ετικέτα πρώτοι!
|
MARC
| LEADER | 00000nam a2200000 i 4500 | ||
|---|---|---|---|
| 001 | 1/9967 | ||
| 008 | 970411s1995 eng d | ||
| 020 | |a 0-8014-8303-4 | ||
| 035 | |l 10017679 | ||
| 040 | |a GR-MY-UA |b gre |e aacr | ||
| 041 | 0 | |a eng | |
| 082 | 0 | |a 150.1952 | |
| 100 | 1 | |a Roth, Michael S. |d 1957- | |
| 245 | 1 | 0 | |a Psycho-analysis as history : |b negation and freedom in Freud / |c Michael S. Roth |
| 260 | |a Ithaca : |b Cornell University, |c 1995 | ||
| 300 | |a 204 p. | ||
| 500 | |a With a new postscript | ||
| 504 | |a Includes bibliographical references and index | ||
| 600 | 1 | 0 | |a Freud, Sigmund, |d 1856-1939. |
| 650 | 0 | 0 | |a Psychoanalysis. |
| 650 | 0 | 0 | |a Psychohistory. |
| 852 | |a INST |b LESVOS |e 19970411 |h 150.1952 ROT |p 005100011511 |q 005100011511 |t BK |y 0 | ||
| 909 | |a Λ |b 049555 | ||